A Munka. - 1920. július 29.
Elmentve itt :
| Dokumentumtípus: | Újság |
|---|---|
| Megjelent: |
1920
|
| Sorozat: | A Munka : szociáldemokrata politikai napilap
2 No. 173 |
| Online Access: | http://misc.bibl.u-szeged.hu/17478 |
| LEADER | 00517nas a2200145 i 4500 | ||
|---|---|---|---|
| 001 | misc17478 | ||
| 005 | 20200430103616.0 | ||
| 008 | 170616s1920 hu n o 0|| zxx d | ||
| 040 | |a SZTE Miscellanea Repozitórium |b hun | ||
| 041 | |a zxx | ||
| 245 | 0 | 2 | |a A Munka. - 1920. július 29. |h [elektronikus dokumentum] |
| 260 | |c 1920 | ||
| 490 | 0 | |a A Munka : szociáldemokrata politikai napilap |v 2 No. 173 | |
| 561 | |a Szegedi helytörténeti dokumentumok | ||
| 856 | 4 | 0 | |u http://misc.bibl.u-szeged.hu/17478/1/a_munka_1920_173.pdf |z Dokumentum-elérés |